000 00876cam a2200301Ma 4500
001 43700
005 20230410123903.0
008 910710s1984 sp 000 1 spa d
035 _a(OCoLC)ocm55291491
040 _aDIBAM
_bspa
_cDIBAM
_dBAKER
020 _z950070251
035 _a(OCoLC)55291491
041 1 _aspa
_heng
050 1 4 _aPR 6013
_bG799c 1984
082 0 0 _a823/.9/12
049 _aGRAL
050 1 4 _aG
100 1 _aGreene, Graham,
_d1904-1991.
245 1 3 _aEl cónsul honorario /
_cGraham Greene ; traducción de Enrique Pezzoni.
260 _aBarcelona :
_bEdhasa,
_c1984.
300 _a325 p. ;
_c20 cm.
500 _aTítulo original: The honorary consul.
650 7 _aNOVELAS INGLESAS.
_2renib
938 _aBaker & Taylor
_bBKTY
_c11.95
_d11.95
_i9875660221
_n0006597768
_sactive
942 _2lcc
_cbk
946 _amfcruz
994 _aC0
_bDRFGD
999 _c67750
_d67750